| 000 | 00685 a2200205 4500 | ||
|---|---|---|---|
| 010 | _aENG-85717 | ||
| 020 |
_a8180545504 _c325.00 |
||
| 035 | _aEN-69250 | ||
| 037 | _bD.B.Act / Pub | ||
| 082 | 1 | 4 | _a510.76 |
| 090 |
_c3406 _d3406 |
||
| 100 | 1 | _aGupta, S. P. | |
| 245 | 1 |
_aQuantitative aptitude _bfor common proficiency test _cby S. P. Gupta and P. K. Gupta |
|
| 260 |
_aNew Delhi _bSultan Chand _c2006 |
||
| 270 |
_a23, Darya Ganj, _bNew Delhi _cDelhi _e110002 _k23266105 _l23266357 |
||
| 300 |
_avarious pagings _c25 cm (Pbk) |
||
| 700 | _aGupta, P. K. | ||
| 942 |
_adpl _cEN _k510.76 / GUP |
||
| 999 |
_c3339 _d3339 |
||